Normal view
MARC view
- Singh, Avtar Dr
Entry Personal Name
001 - CONTROL NUMBER
- control field: 5877
003 - CONTROL NUMBER IDENTIFIER
- control field: OSt
005 - DATE AND TIME OF LATEST TRANSACTION
- control field: 20240808103117.0
008 - FIXED-LENGTH DATA ELEMENTS
- fixed length control field: 240808|| aca||aabn | a|a d
040 ## - CATALOGING SOURCE
- Original cataloging agency: OSt
- Transcribing agency: OSt
100 ## - HEADING--PERSONAL NAME
- Personal name: Singh, Avtar Dr
670 ## - SOURCE DATA FOUND
- Source citation: Work cat.: (OSt)3674: Singh, Avtar Dr., Principles of International Trade Law/ , c1999.
